00450nam a2200157Ia 4500008004100000020001800041082001800059100002000077245003700097250000700134260004600141300002700187500001900214600003300233650002600266240925s9999 xx 000 0 und d a9780199064380 a954.91053 LOD aNot - Available 0aPakistan Beyond the Crisis State aNA aKarachi:bOxford University Pressc,2011. axi, 272p.b0fOriginal aIncludes Index aHumanities & Natural Science aHistory and Geography